| 000 | 01080cam a2200349Ia 4500 | ||
|---|---|---|---|
| 001 | 48334 | ||
| 005 | 20230411085958.0 | ||
| 008 | 830625t19711969nyua b 000 0 eng d | ||
| 010 | _z 70085562 | ||
| 035 | _a(OCoLC)ocm09647416 | ||
| 040 |
_aFWP _cFWP _dYMA _dOCL |
||
| 020 | _a0671435175 | ||
| 020 | _a9780671435172 | ||
| 035 | _a(OCoLC)9647416 | ||
| 041 | 1 |
_aeng _hger |
|
| 090 | 0 | 0 |
_aBF 698 _bL968l 1971 |
| 082 | 0 | 0 | _a152.145 |
| 049 | _aGRAL | ||
| 100 | 1 | _aLuscher, Max. | |
| 245 | 1 | 4 |
_aThe Luscher color test / _ctranslated and edited by Ian A. Scott ; based on the original German text by Max Lèuscher. |
| 260 |
_aNew York : _bPocket Books, _c[1971], c1969. |
||
| 300 |
_a187 p. : _bill. ; _c18 cm. |
||
| 500 | _aContains cards for conducting the test. | ||
| 500 | _aTranslation of Psychologie der Farben. | ||
| 504 | _a"Literature about the Lèusher test": p. 176-187. | ||
| 650 | 0 | _aLuscher test. | |
| 650 | 0 | _aPersonality tests. | |
| 650 | 0 |
_aColor _xPsychological aspects. |
|
| 700 | 1 | _aScott, Ian A. | |
| 942 |
_2lcc _cbk |
||
| 994 |
_aC0 _bDRFGD |
||
| 999 |
_c110395 _d110395 |
||